Magyarország népessége a honfoglalástól a XIV. század közepéig

Elmentve itt :
Bibliográfiai részletek
Szerző: Györffy György
Dokumentumtípus: Cikk
Megjelent: Közgazdasági és Jogi Kiadó Budapest 1963
Sorozat:Magyarország történeti demográfiája : Magyarország népessége a honfoglalástól 1949-ig
Kulcsszavak:Demográfia - történeti - Magyarország
Tárgyszavak:
Online Access:http://misc.bibl.u-szeged.hu/61629
LEADER 00945nab a2200229 i 4500
001 misc61629
005 20230117104602.0
008 220331s1963 hu o 0|| hun d
040 |a SZTE Miscellanea Repozitórium  |b hun 
041 |a hun 
100 1 |a Györffy György 
245 1 0 |a Magyarország népessége a honfoglalástól a XIV. század közepéig  |h [elektronikus dokumentum] /  |c  Györffy György 
260 |a Közgazdasági és Jogi Kiadó  |b Budapest  |c 1963 
300 |a 45-62  |c 24 cm 
300 |a [18] p.  |c 24 cm 
490 0 |a Magyarország történeti demográfiája : Magyarország népessége a honfoglalástól 1949-ig 
561 |a Németh Gyula hagyaték 
591 |a LOA 1309; NOA 2096 
650 4 |a Bölcsészettudományok 
650 4 |a Történettudomány és régészet 
695 |a Demográfia - történeti - Magyarország 
856 4 0 |u http://misc.bibl.u-szeged.hu/61629/1/2096_noa_g87.pdf  |z Dokumentum-elérés